Hootenkamun, the owl with a difference

Bibliographic Details
Main Author: Naima Gany Shaik Dawood
Format: Book
Published: Selangor : Karisma Publications , 2005
Series:Stories from the forest of chrysenthalis
Subjects:

MARC

LEADER 00000cam a2200000 7i4500
001 0000004147
005 20151222.0
008 070725
020 |a 9831950798 
090 0 0 |a JF   |b ENG 
100 1 |a Naima Gany Shaik Dawood 
245 1 0 |a Hootenkamun, the owl with a difference   |c Naima Gany Shaik Dawood 
260 |a Selangor :   |b Karisma Publications ,   |c 2005 
440 |a Stories from the forest of chrysenthalis 
500 |a Children ages 10-12 years old (pink) 
650 0 |a Junior fiction   |x English   |x Languages 
999 |a 0000973498   |b Book   |c Children Collection   |e Cawangan Taman Universiti 
999 |a 0000973499   |b Book   |c Children Collection   |e Cawangan Taman Universiti 
999 |a 0000973502   |b Book   |c Children Collection   |e Cawangan Mersing